000 00469nam a2200181Ia 4500
003 GCL
008 140319s9999 xx 000 0 eng d
040 _aGCL /
_cGCL
082 0 4 _a005.365
_bB B
100 1 _aSANDLER, COREY
245 1 0 _aBUSINESS SOFTWARECOMPANION /
_cSANDLER, COREY
700 1 _aBADGETT, TOM
260 _a[S.N] :
_bJOHN WILEY AND SONS. INC ،
_c1993
300 _a412 P P
650 0 4 _aBUSINESS
650 0 4 _aDATA PROCESSING
942 _2ddc
_cBK
999 _c16831
_d16831